00968nam a22001575i 4500001000700000003000900007005001700016008004100033040003000074100003100104245010600135260005100241300005800292651007700350852038300427154285ES-MaACL20250730153548.0011010s1788 fr af |||| | fre d aCCPB | B bspa cCCPB | B1 aGenty, Louis (d1743-1817)12aL'influence de la découverte de l'Amérique sur le bonheur du genre-humain / cpor L'abbé Genty. aA Paris : bchez Nyon l'ainé & fils, c1788. aX, 352 p., [1] h. de grab., [1] h. de map. ; c20 cm. 4aAmérica española-xHistoria-y1492-1600 (Descubrimiento y conquista) aES-MaACLjR-1450 z-- Enc. perg. q-- Falto de la h. de grab., únicamente tiene la h. de map. pleg. calc.: "Nouvelle carte des parties occidentales du monde, servant à indiques les navigations découvertes et etablissements des hollandois en Amerique", "Gravé par Lattré" x-- Edic.: corregir en tit. "influence" no "influencia" x Olim: G-15591